000 00431cam a2200181 4500
001 D3525
008 090401t1980 xxu||||| |||| 00| 0 eng d
035 _a(Sirsi) u73602
041 _aeng
050 _a332.6324
110 _aEstates Times Review
_9303
245 _aInvestment and development
260 _aLondon
_bMorgan-Grampian Ltd
_c1980
300 _a54p. ill. 29cm
350 _a2
942 _n0
948 _c04/03/1997
999 _c95645
_d95645